| 000 | 00399nam a22001457a 4500 | ||
|---|---|---|---|
| 003 | OSt | ||
| 005 | 20251021060456.0 | ||
| 008 | 251021b |||||||| |||| 00| 0 eng d | ||
| 020 | _a9780195735574 | ||
| 040 | _cOXFORD UNIVERSITY PRESS | ||
| 050 | _aPL 8704 .W35 2009 | ||
| 245 |
_aUPANDE MWINGINE _cWALIBORA, KEN |
||
| 260 |
_aKENYA _bOXFORD UNIVERSITY PRESS, EAST AFRICA LTD _c2010 |
||
| 942 |
_2lcc _cBK _n0 |
||
| 999 |
_c9628 _d9628 |
||